Dějiny KSČ - významný faktor třídní, vlastenecké a internacionální výchovy při plnění linie 15. sjezdu KSČ

Bibliographic Details
Format: Book
Language:Czech
Slovak
PhysicalDescription:46 s. 20 cm
Published: Praha ÚV KSČ 1977
Subjects:

MARC

LEADER 00000cam a2200000 a 4500
001 vtls001179261
003 SK-MaSNL
005 20260302013955.0
008 210928s1977 xr g 00000 cze
015 |a SNBA1977 
035 |a SNK000122263 
040 |a SNK  |b slo  |c SNK  |e AACR2 
041 0 |a cze  |a slo 
044 |a xr  |c CZ 
080 |a 329.15(437)KSČ(091)  |2 1981 
245 0 0 |a Dějiny KSČ - významný faktor třídní, vlastenecké a internacionální výchovy při plnění linie 15. sjezdu KSČ 
260 |a Praha  |b ÚV KSČ  |c 1977 
300 |a 46 s.  |c 20 cm 
546 |a Čiast. text v slov. 
610 7 |a Komunistická strana Československa  |2 SNKKA  |9 32256 
650 0 7 |a komunistické strany  |x dejiny  |2 SNKPH  |9 308056 
655 7 |a monografie  |2 SNKPH  |9 70139 
958 |a OND 
999 |c 1015113  |d 1017043 
952 |a SNK  |b SNK  |y PREZ  |7 0  |p 17A1012577  |o snkSC 88457  |i snkD 01264/95  |0 0  |1 0  |4 0  |d 2015-01-30  |l 0  |r 2026-02-24 13:05:58  |w 2026-02-24